• 首页
  • 本馆介绍
  • 公告通知
  • 最新文献
  • 馆藏检索
  • 电子资源
  • 读者导购
  • 参考咨询
  • 我的图书馆
  • 登录
  • 详细信息显示
  • 放入我的书架
  • 预约/预借图书
  • 作者相关作品
  • 分类相关作品
  • 丛书相关作品
  • 出版社相关作品

书目信息

  • 表格格式
  • 工作单格式
  • 卡片格式
题名:
古典小品独奏精选
    
 
作者:
分册:  
出版信息: 北京   人民音乐出版社  2005
页数: 14页
开本: 31cm
丛书名:
单 册:
中图分类: J647.1
科图分类:
主题词: 管乐 , 独奏曲 , 管乐--独奏曲--世界--选集
电子资源:
ISBN: 7-103-03079-0
000 01054ncm0 2200301 450
001 003082552
005 20070807084519.37
010    @a7-103-03079-0@dCNY14.00
100    @a20060124d2005 em y0chiy0110 ea
101 0  @achi
102    @aCN@b110000
105    @ag z 000yy
200 1  @a古典小品独奏精选@9gu dian xiao pin du zou jing xuan@ebB调乐器演奏@e单簧管、萨克斯管、小号
210    @a北京@c人民音乐出版社@d2005
215    @a14页@d31cm@e1光盘
300    @a音乐伴奏CD系列乐谱
304    @ab为B的左上角标
305    @a德国彼得斯(Peters)出版公司授权,由原出版公司彼得斯(法兰克福)授权出版
307    @a附光盘:ISRC CN-M26-05-325-00
312    @a封面德文题名:Klassik-Highlights Mclodie-Instrument in bB
330    @a本书内容包括:广板、小夜曲、无词歌、世上没有尤丽狄茜和怎能活、摇篮曲、旋律、西西里舞曲等。
510 1  @aKlassik-Highlights Mclodie-Instrument in bB@zger
606 0  @a管乐
606 0  @a独奏曲
606 0  @a管乐@x独奏曲@y世界@j选集
690    @aJ647.1@v4
801  0 @aCN@bNLC@c20070807
905    @a10447@dJ647.1@e141
    
    古典小品独奏精选:bB调乐器演奏:单簧管、萨克斯管、小号.-北京:人民音乐出版社,2005
    14页;31cm+1光盘
    音乐伴奏CD系列乐谱
    
    ISBN 7-103-03079-0:CNY14.00
    本书内容包括:广板、小夜曲、无词歌、世上没有尤丽狄茜和怎能活、摇篮曲、旋律、西西里舞曲等。
●
相关链接 在E读中查询图书 在五车中查询图书 在当当中查询图书 在豆瓣中查询图书


正题名:古典小品独奏精选     索取号:J647.1/141         预约/预借

序号 登录号 条形码 馆藏地/架位号 状态 备注
1 0802108   208021086   第一样本阅览室/ [索取号:J647.1/141] 在馆    
2 0802109   208021095   第一借阅区/ [索取号:J647.1/141] 在馆    
3 0802110   208021102   第一借阅区/ [索取号:J647.1/141] 在馆    
4 0802111   208021111   第一借阅区/ [索取号:J647.1/141] 在馆    
5 0802112   208021120   密集书库-音乐系/ [索取号:J647.1/141] 在馆    
唐山师范学院图书馆 欢迎您!
大连网信软件有限公司© 版权所有